00247nam a22000977a 4500040000900000082001200009100001800021245003900039260003200078650003900110 cNUST a954 AZI aBharani, Aziz aBharat Mein Musalmano ka Katle Aam aLahore:bAsif Javed,c2005. aBharat Mein Musalmano ka Katle Aam